INdian Craft Interiors (Record no. 355786)

MARC details
000 -LEADER
fixed length control field 00536nam a22001697a 4500
005 - DATE AND TIME OF LATEST TRANSACTION
control field 20230814150713.0
008 - FIXED-LENGTH DATA ELEMENTS--GENERAL INFORMATION
fixed length control field 230814b |||||||| |||| 00| 0 eng d
020 ## - INTERNATIONAL STANDARD BOOK NUMBER
International Standard Book Number 9789385 360947
041 ## - LANGUAGE CODE
Language code of text/sound track or separate title eng
082 ## - DEWEY DECIMAL CLASSIFICATION NUMBER
Classification number 729
Item number MAP
100 ## - MAIN ENTRY--PERSONAL NAME
Author Mapin Publishing
245 ## - TITLE STATEMENT
Title INdian Craft Interiors
Remainder of title Mapin Publishing
Statement of responsibility, etc. 2023
300 ## - PHYSICAL DESCRIPTION
Extent 260p
Other physical details Hb
Dimensions 29 x 23.5
365 ## - TRADE PRICE
Price type code INR
Price amount 1858.50
Currency code Rupaye
500 ## - GENERAL NOTE
Keywords Stone New Faces Of Permanence<br/>Glazed Ceramics And Terracotta<br/>shabracing The Planet<br/>Bamboo Cane And Willow
942 ## - ADDED ENTRY ELEMENTS (KOHA)
Koha item type Books
Holdings
Withdrawn status Lost status Source of classification or shelving scheme Damaged status Not for loan Collection code Home library Current library Date acquired Vendor Budget Code Net Price Bill number Full call number Barcode Date last seen Actual Price Bill Date Koha item type Original Barcode
    Dewey Decimal Classification     Book of Digital Architecture Dr. Bhanuben Nanavati College of Architecture Dr. Bhanuben Nanavati College of Architecture 14/08/2023 Word Book Shop B Arch 1858.50 803 729 MAP BNCA-BK-12259 14/08/2023 2950.00 14/08/2023 Reference book BK12259